| 000 | 00435nam a2200133Ia 4500 | ||
|---|---|---|---|
| 008 | 260210s9999 xx 000 0 und d | ||
| 024 | _a18B-019-CE, 18B-033-CE & 18B-049-CE | ||
| 082 | _a600.027 ASA | ||
| 100 | _aSyed Asad Kazmi, Agha Najeeb Ullah & Mudassir Mehmood | ||
| 245 | 0 | _aSmart Cafe Dine in System | |
| 260 |
_aKarachi: _bUITU, _c2018 |
||
| 600 | _aComputer System Engineering | ||
| 650 | _aBachelor of Engineering (BE) | ||
| 999 |
_c32796 _d32796 |
||